Normal view
MARC view
Entry Topical Term
001 - CONTROL NUMBER
- control field: 16465
003 - CONTROL NUMBER IDENTIFIER
- control field: ARRUPE
005 - DATE AND TIME OF LATEST TRANSACTION
- control field: 20150324150911.0
008 - FIXED-LENGTH DATA ELEMENTS
- fixed length control field: 150324|| aca||aabn | a|a d
040 ## - CATALOGING SOURCE
- Original cataloging agency: ARRUPE
- Transcribing agency: ARRUPE
150 ## - HEADING--TOPICAL TERM
- Topical term or geographic name as entry element: Constitution
- General subdivision: commentaries
- Geographic subdivision: Zimbabwe
670 ## - SOURCE DATA FOUND
- Source citation: Work cat.: (ARRUPE): Chizikani, Augustine Runesu 16464, The Zimbabwean Constitutional Issue, 2015